|
|
|
|
| LEADER |
00000nab a2200000 a 4500 |
| 001 |
vtls009505300 |
| 003 |
SK-MaSNL |
| 005 |
20260304215628.0 |
| 008 |
250507c2008 xo |||||||||||000 b|slo |
| 015 |
|
|
|a SNBRB2009/05
|2 snkbucl
|
| 035 |
|
|
|a (uuid)3c567649-ec6b-4092-b621-eed95d780811
|
| 035 |
|
|
|a urn:nbn:sk:snk-abc4s7
|
| 035 |
|
|
|a (urnnbn)urn:nbn:sk:snk:ar-001j9t
|
| 038 |
|
|
|a SNKBUCL
|
| 040 |
|
|
|a SNKBUCL
|b slo
|c SNKBUCL
|e AACR2
|
| 041 |
0 |
|
|a slo
|
| 044 |
|
|
|a xo
|c SK
|
| 080 |
|
|
|a 621.865.8-519:621.039.73
|x (437.6)
|2 2001
|
| 080 |
|
|
|a 621.039.73
|2 2001
|
| 080 |
|
|
|a 007.52
|2 2001
|
| 100 |
1 |
|
|a Stopko, Peter
|4 aut
|9 1550501
|
| 245 |
1 |
0 |
|a Fragmentačné pracovisko kovového rádioaktívneho odpadu
|c Peter Stopko
|
| 610 |
2 |
7 |
|a ZTS VVÚ (Košice, Slovensko)
|2 snkbucl
|9 1458105
|
| 650 |
0 |
7 |
|a rádioaktívny odpad
|2 SNKPH
|9 50832
|
| 650 |
0 |
7 |
|a kovový rádioaktívny odpad
|2 snkbucl
|9 1550502
|
| 650 |
0 |
7 |
|a spracovanie odpadu
|2 SNKPH
|9 31028
|
| 650 |
0 |
7 |
|a mobilné teleoperátory
|2 SNKPH
|9 1458107
|
| 651 |
|
7 |
|a Košice (Slovensko)
|2 snkbucl
|9 18694
|
| 773 |
0 |
|
|t AT&P journal
|g Roč. XV, č. 12 (2008), s. 54-55
|x 1335-2237
|
| 850 |
|
|
|a Slovenská národná knižnica
|
| 852 |
|
|
|a Slovenská národná knižnica
|
| 954 |
|
|
|a odborná, vedecká literatúra pôvodná (slovenská)
|2 lita
|
| 958 |
|
|
|a article15
|
| 958 |
|
|
|a OND
|
| 958 |
|
|
|a SK
|
| 958 |
|
|
|a EUIPO
|
| 999 |
|
|
|c 3147488
|d 3149418
|